000
00286nam a22001217a 4500
008
181123b xxu||||| |||| 00| 0 eng d
041
_a
eng
080
_a
043.3
100
_a
0
101
_a
MTH-SHKI
245
_a
Siguria dhe Sfidat në Teknologjinë e VOIP
_c
Syla,B
942
_2
udc
_c
BK
999
_c
52441
_d
52441